000 00490nam a2200181Ia 4500
005 20250326124916.0
008 250326s9999 xx 000 0 und d
037 _aTextbook
040 _aFMSL
_beng
_cFMSL
041 _aeng
_2eng
084 _aX:8F K2
_qFMSL
100 _aBaxter W T
245 0 _aStudies in accounting theory
_cBaxter W T; Davidson S
260 _aUSA
_bUSA, Richard D Irwin
_c1962
300 _a633p
942 _cTB
_hX:8F K2
999 _c1275730
_d1275730